Movies Quiz

Random Movies or Director Quiz

The Many Faces of Dracula Quiz Stats

Quiz not verified by Sporcle

Challenge
Share
Tweet
Embed
Score 0/10 Timer 08:00
0 Plays Today
Year (Director) Actor % Correct
1992 (Francis Ford Coppola)Gary Oldman
94.5%
1958 (Terence Fisher)Christopher Lee
89.1%
1931 (Tod Browning)Bela Lugosi
87.3%
1979 (John Badham)Frank Langella
40%
2000 (Patrick Lussier)Gerard Butler
34.5%
1979 (Werner Herzog)Klaus Kinski
32.7%
2014 (Gary Shore)Luke Evans
29.1%
1943 (Robert Siodmak)Lon Chaney Jr
25.5%
2004 (Stephen Sommers)Richard Roxburgh
23.6%
1974 (Paul Morrissey)Udo Kier
18.2%

You're not logged in!

Compare scores with friends on all Sporcle quizzes.
Join for Free
OR
Log In

You Might Also Like...

Show Comments

Extras

Top Quizzes Today


Score Distribution

Your Account Isn't Verified!

In order to create a playlist on Sporcle, you need to verify the email address you used during registration. Go to your Sporcle Settings to finish the process.

Report this User

Report this user for behavior that violates our Community Guidelines.

Details: